Dejiny slovenského jazyka III Texty

Bibliographic Details
Main Author: Stanislav, Ján, 1904-1977 (Author)
Format: Book
Language:Slovak
PhysicalDescription:512 strán, [38] nečíslovaných strán obrazových príloh faksimile, fotografie, tabuľky 21 cm
Published: Bratislava Vydavateľstvo Slovenskej akadémie vied 1967
Edition:2. dopl. vyd.
Subjects:

MARC

LEADER 00000cam a2200000 a 4500
001 vtls001275111
003 SK-MaSNL
005 20260301195437.0
008 260107s1967 xo hol frn 000 m slo
015 |a SNBA1967/05-00761 
020 |q (viazané) 
035 |a SNK000226316 
035 |a urn:nbn:sk:snk-am3itox 
035 |a 10DC6C66-1A23-4CB6-8BC0-319CA9AFC7F5 
035 |a urn:nbn:sk:snk-am00fj18 
040 |a SNK  |b slo  |c SNK  |e AACR2 
041 0 |a slo 
044 |a xo  |c SK 
072 7 |a 811.162.4  |x Slovenčina  |2 konspekt 
072 7 |a 81  |x Lingvistika. Jazyky  |2 konspekt 
080 |a 811.162.4  |2 2011 
080 |a 81`0  |2 2011 
080 |a 811.163.1  |2 2011 
080 |a 811.162.3'01  |2 2011 
080 |a 81'42  |2 2011 
080 |a (048.8)  |2 2011 
080 |a 81'36-112  |2 2001 
100 1 |a Stanislav, Ján,  |d 1904-1977  |4 aut  |9 107141 
245 1 0 |a Dejiny slovenského jazyka  |n III  |p Texty  |c Ján Stanislav 
246 3 0 |a Texty 
250 |a 2. dopl. vyd. 
260 |a Bratislava  |b Vydavateľstvo Slovenskej akadémie vied  |c 1967 
300 |a 512 strán, [38] nečíslovaných strán obrazových príloh  |b faksimile, fotografie, tabuľky  |c 21 cm 
366 |e 1500 kusov 
500 |a Najčastejšie skratky v staroslovienskych textoch na strane 451- 454. Starosloviensko-slovenský slovníček na strane 480-512 
500 |a Vydala Slovenská akadémia vied, Ústav slovenského jazyka 
500 |a Obsahuje 5 kapitol 
504 |a Obsahuje bibliografické odkazy 
650 0 7 |a slovenčina  |2 SNKPH  |9 1350 
650 0 7 |a staroslovienčina  |2 SNKPH  |9 1344 
650 0 7 |a staročeština  |2 SNKPH  |9 67084 
650 0 7 |a vývoj jazyka  |2 SNKPH  |9 68207 
650 0 7 |a texty  |2 SNKPH  |9 29593 
650 0 7 |a historická gramatika  |2 SNKPH  |9 68099 
655 7 |a monografie  |2 SNKPH  |9 70139 
655 7 |a štúdie  |2 SNKPH  |9 57033 
710 2 |a Slovenská akadémia vied.  |b Ústav slovenského jazyka  |4 pbl  |9 176663 
740 0 2 |a Zprávy o starých Slovanoch 
740 0 2 |a Ukážky zo starej slovienčiny 
740 0 2 |a Staré slovenské jazykové pamiatky 
740 0 2 |a Zo staročeských pamiatok 
740 0 2 |a Ukážky staroslovienskych hlaholských a cyrilských textov 
852 |a Slovenská národná knižnica 
954 |a odborná, vedecká literatúra pôvodná (slovenská)  |2 lita 
958 |a EUIPO 
958 |a RK 
958 |a TL 
958 |a NB 
958 |a OND 
958 |a SP 
958 |a SS 
999 |c 885737  |d 887667 
952 |a SNK  |b SNK  |y PREZ  |7 0  |p 17A0831584  |o snkSC 12485/3  |i snkKSP 3867/67  |0 0  |1 0  |4 0  |d 2012-08-23  |f 1  |l 0  |r 2025-07-16 00:00:00  |w 2026-02-24 
952 |a SNK  |b SNK  |y VYP  |7 0  |p 17A0035843  |o snkSC 12485/3 D1  |0 0  |1 0  |4 0  |d 1997-02-07  |l 0  |r 2005-01-02 00:00:00  |w 2026-02-24 
952 |t snkSTA/3 808.54(091)  |a SNKUST  |b SNKUST  |y PREZ  |7 0  |p 17A0094410  |o snkSC 12485/3 D2  |i snk2005/18391  |8 5  |0 0  |1 0  |4 0  |d 2005-11-03  |l 0  |r 2025-05-28 00:00:00  |w 2026-02-24